| 000 | 01038cad a22002175a 4500 | ||
|---|---|---|---|
| 001 | E150440 | ||
| 008 | 100714s2010 xxk 000 0 eng d | ||
| 035 | _a(Sirsi) u150440 | ||
| 041 | 0 | _aeng | |
| 110 | 2 |
_aEnglish Heritage _92714 |
|
| 245 | 0 | 0 |
_aHeritage at risk 2010 _h[electronic resource] |
| 260 |
_aLondon _bEnglish Heritage _c2010 |
||
| 520 | _aThe Heritage at Risk Register for 2010 suggests that there has been a reduction in the number of "at risk" Grade I and II* buildings being saved due to the recession, and reports that progress on some current projects has slowed due to funding problems. | ||
| 590 | _aKA | ||
| 650 | 2 | 4 | _aHERITAGE AT RISK REGISTER |
| 651 | 4 |
_aEngland _y886- |
|
| 690 | _aBUILT ENVIRONMENT-BUILDING MAINTENANCE AND REFURBISHMENT-BUILDING CONSERVATION | ||
| 690 | _aBUILT ENVIRONMENT-BUILDING TYPES-ANCIENT MONUMENTS AND HISTORIC BUILDINGS | ||
| 856 | 4 | 0 |
_uhttps://www.english-heritage.org.uk/publications/har-2010-report/ _zView the report free of charge at www.english-heritage.org.uk |
| 942 | _n0 | ||
| 999 |
_c110869 _d110869 |
||